The noble scholar, jurist, historian


 His Excellency Dr. Abdul Wahhab bin Ibrahim Abu Sulaiman, may Allah have mercy on him.


 He was born in Umm Al-Qura in the year 1356 AH.

الدعوة إلى الإسلام : (Record no. 2129)

MARC details
000 -LEADER
fixed length control field 01881cam a22003611i 4500
003 - CONTROL NUMBER IDENTIFIER
control field SA-RiAUC
005 - DATE AND TIME OF LATEST TRANSACTION
control field 20241106145224.0
008 - FIXED-LENGTH DATA ELEMENTS--GENERAL INFORMATION
fixed length control field 241031s1970 ua f b f00100 ara c
040 ## - CATALOGING SOURCE
Original cataloging agency SA-RiAUC
Language of cataloging ara
Transcribing agency SA-RiAUC
Description conventions rda
041 1# - LANGUAGE CODE
Language code of text/sound track or separate title ara
Language code of original eng
082 04 - DEWEY DECIMAL CLASSIFICATION NUMBER
Classification number 213.9
Assigning agency SA-RiAUC
090 ## - LOCALLY ASSIGNED LC-TYPE CALL NUMBER (OCLC); LOCAL CALL NUMBER (RLIN)
Classification number (OCLC) (R) ; Classification number, CALL (RLIN) (NR) 213.9
Local cutter number (OCLC) ; Book number/undivided call number, CALL (RLIN) ا ر ن
100 1# - MAIN ENTRY--PERSONAL NAME
Personal name آرنلد، توماس ووكر،
Titles and words associated with a name السير،
Dates associated with a name 1864-1930
Relator term مؤلف.
240 14 - UNIFORM TITLE
Uniform title The preaching of Islam : a history of the propagation of the Muslim faith.
Language of a work Arabic
245 12 - TITLE STATEMENT
Title الدعوة إلى الإسلام :
Remainder of title بحث في تاريخ نشر العقيدة الإسلامية /
Statement of responsibility, etc. تأليف توماس و. آرنولد ؛ ترجمة حسن إبراهيم حسن، عبد المجيد عابدين، إسماعيل النحراوي.
250 ## - EDITION STATEMENT
Edition statement الطبعة الثالثة.
264 #1 - PRODUCTION, PUBLICATION, DISTRIBUTION, MANUFACTURE, AND COPYRIGHT NOTICE
Place of production, publication, distribution, manufacture القاهرة :
Name of producer, publisher, distributor, manufacturer مكتبة النهضة المصرية،
Date of production, publication, distribution, manufacture, or copyright notice 1970
300 ## - PHYSICAL DESCRIPTION
Extent 521 صفحة ؛
Dimensions 24 سم
336 ## - CONTENT TYPE
Content type term نص
Content type code txt
Source rdacontent
Materials specified كتاب
337 ## - MEDIA TYPE
Media type term بدون وسيط
Media type code n
Source rdamedia
338 ## - CARRIER TYPE
Carrier type term مجلد
Carrier type code nc
Source rdacarrier
500 ## - GENERAL NOTE
General note كشاف عام بالأماكن والأعلام : صفحة 505-521.
504 ## - BIBLIOGRAPHY, ETC. NOTE
Bibliography, etc. note ببليوجرافية : صفحة 481-504.
504 ## - BIBLIOGRAPHY, ETC. NOTE
Bibliography, etc. note يشتمل على إرجاعات ببليوجرافية.
650 #7 - SUBJECT ADDED ENTRY--TOPICAL TERM
Topical term or geographic name entry element انتشار الإسلام
General subdivision تاريخ
Source of heading or term aucsh
650 #7 - SUBJECT ADDED ENTRY--TOPICAL TERM
Topical term or geographic name entry element الدعوة الإسلامية
General subdivision تاريخ
Source of heading or term aucsh
700 1# - ADDED ENTRY--PERSONAL NAME
Personal name إبراهيم، حسن حسن كامل،
Dates associated with a name 1963-
Relator term مترجم.
700 1# - ADDED ENTRY--PERSONAL NAME
Personal name عابدين، عبد المجيد،
Dates associated with a name 1915-1991
Relator term مترجم.
700 1# - ADDED ENTRY--PERSONAL NAME
Personal name النحراوي، إسماعيل
Relator term مترجم.
700 12 - ADDED ENTRY--PERSONAL NAME
Relationship information ترجمة لـ :
Personal name آرنلد، توماس ووكر،
Titles and other words associated with a name السير،
Dates associated with a name 1864-1930.
Title of a work The preaching of Islam : a history of the propagation of the Muslim faith.
Language of a work Arabic
942 ## - ADDED ENTRY ELEMENTS (KOHA)
Source of classification or shelving scheme Dewey Decimal Classification
Koha item type Books
Suppress in OPAC No
949 ## - LOCAL PROCESSING INFORMATION (OCLC)
a SA-JeALM
d 241031
u mohamedma123
n 1
Holdings
Withdrawn status Lost status Source of classification or shelving scheme Damaged status Not for loan Home library Current library Date acquired Total checkouts Full call number Barcode Date last seen Price effective from Koha item type
    Dewey Decimal Classification     DR AbdElwahab Library DR AbdElwahab Library 11/06/2024   213.9 ا ر ن 000003292 11/06/2024 11/06/2024 Books
    Dewey Decimal Classification     DR AbdElwahab Library DR AbdElwahab Library 05/11/2025   213.9 ا ر ن 000013171 05/11/2025 05/11/2025 Books